Quizzes
Events
Quiz Creation
Community
Videos
Private Events
Remove Ads
Sign In
Join for FREE
Feedback
Dark Mode
Quiz Categories
Sports
Geography
Music
Movies
Television
Just For Fun
Miscellaneous
History
Literature
Language
Science
Gaming
Entertainment
Religion
Holiday
For Kids
Quiz Lab
Recent
Popular Today
Quiz Kudos Today
Editor Picks
Curator Picks
Quizzes by...
Day
Popularity
Type
Ratings
Length
Year
Community
Subscriptions
Recent Discussions
Orange Saloon
Badges
Playlists
Quests
Create
Leaderboards
Showdown
Live 5
Trivia Bingo
Activity
Puzzle Library
Sporcle Events
Private Events
Virtual Trivia
Globe League
Become a Host
Pub Owners
SporcleCon
Opinionation
Our Games
Videos
Blog
Mobile Apps
Partnerships
Remove Ads and Go Orange
Feedback
Geography
Country
Landmarks
City
State
Population
World
Capital
Continent
Flags
Europe
Africa
Asia
South America
North America
Oceania
Border
Canada
United Kingdom
Topography
United States
Geography
Country
Landmarks
City
State
Population
World
Capital
Continent
Flags
Europe
Africa
Asia
South America
North America
Oceania
Border
Canada
United Kingdom
Topography
United States
Random Quiz
Search Sporcle
×
Quiz Lab
Quiz Lab
Geography
Populous Metro
Type in answers that appear in a list
Type in answers that appear in a list
Classic
Best Score? Go Orange.
Largest US Metros without Interstate Highways Stats
Can you name the Largest US Metropolitan areas without Interstate Highways running through them?
By
snowpointsecret
7m
20 Questions
159 Plays
159 Plays
159 Plays
Comments
Comments
Give Quiz Kudos
Give Quiz Kudos
-
- Ratings
hide this ad
Replay
Link that replays current quiz
Next Quiz
Link to next quiz in quiz playlist
You Got
0%
They Got
Avg Score
29%
Avg Friend Score
Upgrade to see
Score Distribution
Jump to the score distribution portion of the page
Score
0/20
Timer
07:00
0
Plays Today
Rank
Metro
% Correct
6
Anchorage, AK
78%
4
Santa Maria-Santa Barbara, CA
40.9%
2
Santa Rosa, CA
39%
1
Oxnard-Thousand Oaks-Ventura, CA
37.7%
5
Salinas, CA
35.8%
9
San Luis Obispo-Paso Robles-Arroyo Grande, CA
34.6%
3
Visalia-Porterville, CA
34%
20
Jacksonville, NC
30.2%
11
Santa Cruz-Watsonville, CA
28.9%
18
Athens-Clarke County, GA
28.9%
Rank
Metro
% Correct
15
Chico, CA
28.3%
8
Boulder, CO
25.2%
10
Atlantic City-Hammonton, NJ
24.5%
14
College Station-Bryan, TX
23.9%
12
Lynchburg, VA
21.4%
7
Salisbury, MD-DE
20.8%
19
Panama City, FL
20.1%
13
Bremerton-Silverdale, WA
15.7%
16
Barnstable Town, MA
15.7%
17
Houma-Thibodaux, LA
13.2%
Quiz Playlist
Details
Report
Send in Message
Add To Playlist
Classic:
Type in answers that appear in a list
Quiz Source
Last Updated: Feb 16, 2017
Quiz Scoreboard
CHALLENGE
Sign Up to Join the Scoreboard
Show All
Scores
Hide
Comments
May contain spoilers
Recently Published
1-10 Letter E Words III
by El_Dandy
Language
2m
One Thing in Common: World Cities II
by knightlancer
Geography
7m
Popular People in 1961
by mucciniale
History
6m
More to Explore
Quiz From the Vault
Featured Blog Post
Where Did the Easter Bunny Come From?
hide this ad
You Might Also Like...
Tags
Populous Metro
US Interstate
Today's Top Quizzes in Geography
Browse Geography
hide this ad
Today's Top Quizzes in Populous Metro
Browse Populous Metro
Top Contributed Quizzes in Geography
1
Countries of the World - No Outlines Minefield
2
Top 25 Cities of France on a map
3
African Flag Reveal XLV
4
Closest Countries to UK A-Z
5
Blind Secret Country CLXXXVIII
6
Find the US States - No Outlines
7
One Thing in Common: Asia
8
One Thing in Common: United Kingdom
9
One Thing in Common: Geography
10
One Thing in Common: Around the World
Explore More
Trending Topics
Marvel
NBA
Kpop
Harry Potter
Crossword
Anime
Disney
Puzzle
Soccer
Pokémon
WWE
Country
Song
NFL
The Office
hide this ad
More By:
snowpointsecret
Quiz
Plays
Rating
Category
Featured
Created
Interstate Highway Journey
411
5.00
Geography
Dec 18, 2015
Pokemon Level-Up Moves
359
5.00
Gaming
Nov 7, 2015
Humid Subtropical Cities
292
4.00
Geography
Nov 28, 2015
Tropical Savanna Cities
285
4.33
Geography
Dec 1, 2015
Oceanic Climate Cities
181
1.00
Geography
Nov 19, 2015
Go to Creator's Profile
Score Distribution
Quiz Creator Spotlight
snowpointsecret
Follow
Send a Message
Quizzes Created
-
Created Quiz Play Count
-
More By This Creator
Popular Quizzes Today
1
Find the US States - No Outlines Minefield
2
Find the Countries of Europe - No Outlines Minefield
3
The Countries of the World
4
Popular People in 1961
5
1-10 Letter E Words III
6
Find the US States
7
One Thing in Common: World Cities II
8
US States
More Geography Quizzes
Complete the Map Snippet - Which Way is Up XIII
Quiz Lab
Trending Quizzes
Risky Map Clicking: Least Populous States A-Z
1-10 Letter F Words
1-10 Letter G Words
One Thing in Common: United Kingdom
Risky Map Clicking: Biggest States A-Z
Recently Updated
Leaping Animals
pecheneg
Reality TV Shows (A-Z)
bhenderson79
Rickey Henderson's Hall of Fame Teammates
pecheneg
Champions League XIs: Arsenal
pecheneg
Quick Pick: Celebrities in WWE's Hall of Fame
aduchscher
A-Z Keypad Blitz II
pecheneg
Multiple Oscar Actors
pecheneg
Mystery Phrase Blitz: Oscar 'Best Actors'
pecheneg
F. Scott Fitzgerald Novels
LTH
Pick 3 Villains
ddd62291
Trending Topics
Marvel
Disney
Kpop
Harry Potter
NBA
Crossword
Anime
WWE
Soccer
Pokémon
NFL
Country
Song
The Office
Puzzle
Your Account Isn't Verified!
In order to create a playlist on Sporcle, you need to verify the email address you used during registration. Go to your
Sporcle Settings
to finish the process.
Report this User
Report this user for behavior that violates our
Community Guidelines
.
Details:
Send Report
Go to the Sporcle.com Mobile Site →
Comments